000 00651nab a2200193 4500
001 244442
003 OSt
005 20260209132024.0
007 tu
008 260209s2020|||||||
040 _aDE-2950
_cDE-2950
245 0 0 _aNeues Wahlkreisbüro eröffnet
_bPolitik. 16 Monate nach der Landtagswahl hat Sven Hornauf (BSW) in Frankfurt ein Büro eröffnet, das auch Beratungsstelle für Wehrdienstverweigerer sein soll/
_cThomas Gutke
264 _c2025
653 _aFrankfurt (Oder)
653 _aBSW
653 _aWahlkreisbüro
773 0 _g37. Jahrgang (2026) Nr. 27 vom 02.02.2026 , S. 14 mit Foto
_tMärkische Oderzeitung
942 _2z
_cA
999 _c374277
_d374277